• 首页
  • 本馆介绍
  • 公告通知
  • 最新文献
  • 馆藏检索
  • 电子资源
  • 读者导购
  • 参考咨询
  • 我的图书馆
  • 登录
  • 详细信息显示
  • 放入我的书架
  • 预约/预借图书
  • 作者相关作品
  • 分类相关作品
  • 丛书相关作品
  • 出版社相关作品

书目信息

  • 表格格式
  • 工作单格式
  • 卡片格式
题名:
义务教育课程标准(2022年版)课例式解读
    
 
作者: 李春密 主编
分册:   初中物理
出版信息: 北京   教育科学出版社  2022.06
页数: 234页
开本: 24cm
丛书名: 义务教育课程标准(2022年版)课例式解读丛书
单 册:
中图分类: G632.3 , G633.73
科图分类:
主题词: 中学物理课--课程标准--初中--教学参考资料
电子资源:
ISBN: 978-7-5191-3088-6
000 01138nam0 2200289 450
001 0100084420
005 20250616160500.7
010    @a978-7-5191-3088-6@dCNY45.00
035    @a(O310104BKS)01002022282304
039    @aA310000SHL@bUCS01004384492@c01002022282304
100    @a20230208d2022 em y0chiy50 ea
101 0  @achi
102    @aCN@b110000
105    @aa z 000yy
106    @ar
200 1  @a义务教育课程标准(2022年版)课例式解读@9yi wu jiao yu ke cheng biao zhun(2022 nian ban)ke li shi jie du@i初中物理@b专著@f李春密主编
210    @a北京@c教育科学出版社@d2022.06
215    @a234页@c图@d24cm
225 1  @a义务教育课程标准(2022年版)课例式解读丛书
330    @a本书分为上下编,上编为关键问题解读,下篇为典型课例解析。内容包括:如何做好跨学科实践?如何理解义教课标首次提出的学业质量?如何有效地开发与利用义务教育物理课程资源?
333    @a教育工作者
606 0  @a中学物理课@x课程标准@x初中@j教学参考资料
690    @aG632.3@v5
690    @aG633.73@v5
701  0 @a李春密@9li chun mi@4主编
801  0 @aCN@b人天书店@c20250616
905    @b1624675-9@b216246765@b216246774@b216246783@b216246792@dG632.3@e2998@f5
    
    义务教育课程标准(2022年版)课例式解读.初中物理/李春密主编.-北京:教育科学出版社,2022.06
    234页:图;24cm.-(义务教育课程标准(2022年版)课例式解读丛书)
    使用对象:教育工作者
    
    ISBN 978-7-5191-3088-6:CNY45.00
    本书分为上下编,上编为关键问题解读,下篇为典型课例解析。内容包括:如何做好跨学科实践?如何理解义教课标首次提出的学业质量?如何有效地开发与利用义务教育物理课程资源?
●
相关链接 在E读中查询图书 在五车中查询图书 在当当中查询图书 在豆瓣中查询图书


正题名:义务教育课程标准(2022年版)课例式解读     索取号:G632.3/2998         预约/预借

序号 登录号 条形码 馆藏地/架位号 状态 备注
1 1624675   216246756   第一样本阅览室/ [索取号:G632.3/2998] 在馆    
2 1624676   216246765   第四借阅区/ [索取号:G632.3/2998] 在馆    
3 1624677   216246774   第四借阅区/ [索取号:G632.3/2998] 在馆    
4 1624678   216246783   第四借阅区/ [索取号:G632.3/2998] 在馆    
5 1624679   216246792   第四借阅区/ [索取号:G632.3/2998] 在馆    
唐山师范学院图书馆 欢迎您!
大连网信软件有限公司© 版权所有